Australian States and Territories: Capitals - Statistics

General Stats
  • This quiz has been taken 156 times
  • The average score is 7 of 8
Answer Stats
Hint Answer % Correct
Australian Capital Territory Canberra
99%
New South Wales Sydney
98%
Victoria Melbourne
97%
Western Australia Perth
95%
South Australia Adelaide
93%
Northern Territory Darwin
89%
Tasmania Hobart
89%
Queensland Brisbane
84%
No matching quizzes found
Score Distribution
Percent of People with Each Score
Percentile by Number Answered
Your Score History
You have not taken this quiz